| 000 | 00000nam 2200000za 4500 |
| 001 | 9.856786 |
| 003 | CaOODSP |
| 005 | 20221107155619 |
| 007 | cr ||||||||||| |
| 008 | 180518s2018 onca o f000 0 fre d |
| 020 | |a9780660266381 |
| 040 | |aCaOODSP|bfre |
| 043 | |an-cn--- |
| 086 | 1 |aT29-27/2018F-PDF|zT29-27/2018F |
| 245 | 00|aGuide d'application du règlement sur le contrôle et la gestion de l'eau de ballast du Canada |h[ressource électronique]. |
| 250 | |aÉd. 7. |
| 260 | |a[Ottawa] : |bTransports Canada, |c2018. |
| 300 | |aiii, 47 p. : |bill. en coul. |
| 500 | |aPubl. aussi en anglais sous le titre : A guide to Canada's ballast water control and management regulations. |
| 500 | |a« Date de révision : 2018-04-18. » |
| 500 | |a« TP 13617F (04/2018). » |
| 500 | |a« TC - 1006015 F. » |
| 500 | |aLe n° de catalogue (T29-27/2018F) imprimé dans cette publication est incorrect. |
| 500 | |aPubl. aussi en format HTML. |
| 520 | |aCette édition n'est plus d'actualité. Veuillez consulter T29-163/2021F-PDF (TP 13617F (05/2021)) pour la dernière édition. |
| 710 | 1 |aCanada. |bTransports Canada. |
| 710 | 1 |aCanada. |bDirection générale de la sécurité maritime. |bProtection de l'environnement. |
| 775 | 08|tA guide to Canada’s ballast water control and management regulations |w(CaOODSP)9.856783 |
| 794 | |tListe des zones désignées de renouvellement d'eau de ballast et d'eaux douces au Canada.|w(CaOODSP)9.900629 |
| 795 | |tGuide d'application du règlement sur le contrôle et la gestion de l'eau de ballast du Canada |w(CaOODSP)9.635696 |
| 856 | 40|qPDF|s1.04 Mo|uhttps://publications.gc.ca/collections/collection_2018/tc/T29-27-2018-fra.pdf |
| 856 | 4 |qHTML|sS.O.|uhttps://tc.canada.ca/fr/transport-maritime/securite-maritime/guide-reglement-eau-ballast-canada-tp-13617f-2019 |